| 000 | 00500nam a2200181Ia 4500 | ||
|---|---|---|---|
| 001 | 19624 | ||
| 005 | 20260306172707.0 | ||
| 008 | 260306t2006||||xx |||||||||||||| ||spa|| | ||
| 041 | _aESP | ||
| 082 |
_a340.7 _bE65 |
||
| 100 |
_aBatlle, Albert _eAUT |
||
| 245 | 0 |
_aEnseñar derecho en la red: _bun paso adelante en la construcción del espacio europeo de educación superior |
|
| 260 | _c2006 | ||
| 300 |
_a178 páginas : _c24 cm. |
||
| 650 | _aGEN | ||
| 654 | _aCDE | ||
| 942 |
_cLIB _dJUS _fJUS _2ddc _n |
||
| 999 |
_c19624 _d19624 |
||